| 000 | 00488nam a2200133Ia 4500 | ||
|---|---|---|---|
| 008 | 170419s9999 xx 000 0 und d | ||
| 100 | _aCoxe, D. Nicole. | ||
| 245 | 2 | _aA prism of excellence: the charleston veterans administration nursing academic partnership | |
| 245 | _cD. Nicole Coxe, Brian T. Conner, Joy Lauerer, Janice Skipper, Janet York, Mary Fraggos, Gail W. Stuart | ||
| 260 | _bElsevier | ||
| 260 | _c2016 | ||
| 300 | _aSeptember/November | ||
| 440 |
_aNursing Outlook _v64:5 |
||
| 999 |
_c329476 _d329476 |
||